000 00607nam a22001817a 4500
003 UA-OsUOA
001 8014
007 ta
008 20040713b un ||||| |||| 00| 0 ukr d
100 _aМаринчук С.
942 _cSA
040 _aUA-OsUOA
_cUA-OsUOA
_dUA-OsUOA
245 _aБог дав : майстрові чарівного різця Антону Штепі виповнилось 100 років
300 _aС.7
955 _a0
773 0 _w0
_tЛітературна Украіна
_dКиїв
_d2004
_g№25
650 7 _aДекоративно - прикладне мистецтво
_2UDC
999 _c294175
_d294175